Six The Musical Quiz - Statistics

General Stats
  • This quiz has been taken 1,172 times
  • The average score is 12 of 15
Answer Stats
Question Answer % Correct
What color is Anne Boleyn's dress in the musical? Green and Black
95%
Finish the lyric! "Sitting Here All Alone... On A Throne, In a palace that I happen to own
95%
What color is Anne Boleyn's lipstick? Red
95%
Is Six awesome? Yesssssss (pick me)
95%
Which queen got divorced because she was unattractive Anne of Cleves
94%
Why did Anne Boleyn get beheaded? She talked to other guys
91%
Who was Henry's favorite wife? Jane Seymour
89%
Which queen was married for 24 years? Catherine of aragon
88%
Who sings "All You Wanna Do" Katherine Howard
88%
Who sings the song: "I don't need your love" Catherine Parr
86%
Who created Six? Toby Marlow & Lucy Moss
86%
Find The 8 VIII
80%
How many songs in Six? 9
72%
Is there a book about the musical? idk (THIS ONE)
52%
What is the 4th song in Six? Haus of Holbien
14%
No matching quizzes found
Score Distribution
Percent of People with Each Score
Percentile by Number Answered
Your Score History
You have not taken this quiz